ProfiTech English : a coursebook for students of mechanical engineering /

Hlavní autor: Čepičková, Jana, 1973-
Další autoři: Brabcová, Alice, 1975-, Kozlová, Lenka
Jazyk: Angličtina
Vydáno: Plzeň : Vydavatelství a nakladatelství Aleš Čeněk, 2004
Vydání: 1. vyd.
Edice: Jazykové učebnice (Vydavatelství a nakladatelství Aleš Čeněk)
Témata:
Externí odkaz: Digitalizovaný dokument
Fyzický popis: 113 s. : il. ; 30 cm
Knihy
Uloženo v:
LEADER 01669nam a2200421 a 4500
001 000744495
003 CZ BrMZK
005 20041110154140.0
007 ta
008 041019s2004 xr a erp 000 0 eng d
015 |a cnb001414142 
020 |a 80-86473-76-7  |q (brož.) 
035 |a (OCoLC)85117457 
040 |a BOA001  |b cze 
072 7 |a 621  |x Strojírenství  |2 Konspekt  |9 19 
072 7 |a 811.111  |x Angličtina  |2 Konspekt  |9 11 
080 |a 621  |2 MRF 
080 |a 811.111  |2 MRF 
080 |a 81'373.46  |2 MRF 
080 |a (075.8)  |2 MRF 
100 1 |a Čepičková, Jana,  |d 1973-  |7 jx20041130030  |4 aut 
245 1 0 |a ProfiTech English :  |b a coursebook for students of mechanical engineering /  |c Jana Čepičková, Alice Brabcová ; přílohu ilustrovala Lenka Kozlová 
250 |a 1. vyd. 
260 |a Plzeň :  |b Vydavatelství a nakladatelství Aleš Čeněk,  |c 2004 
300 |a 113 s. :  |b il. ;  |c 30 cm 
490 1 |a Jazykové učebnice 
504 |a Obsahuje bibliografii 
650 0 7 |a strojírenství  |7 ph126149  |2 czenas 
650 0 7 |a angličtina  |7 ph114056  |2 czenas 
650 0 7 |a oborová terminologie  |7 ph138998  |2 czenas 
655 7 |a učebnice vysokých škol  |7 fd133772  |2 czenas 
700 1 |a Brabcová, Alice,  |d 1975-  |7 jn20001227481  |4 aut 
700 1 |a Kozlová, Lenka  |7 mzk2009539466  |4 ill 
830 0 |a Jazykové učebnice (Vydavatelství a nakladatelství Aleš Čeněk)  |0 s 
856 4 1 |u https://www.digitalniknihovna.cz/mzk/uuid/uuid:97d3ce60-6944-11e3-8561-005056827e52  |y Digitalizovaný dokument  |x NDK 
910 |a BOA001  |b 4-1141.401 
990 |a BK 
996 6 |b 2610230678  |c 4-1141.401  |l MZK  |r Sklad / do 1 hodiny  |n 0  |p p.v.  |w 000744495  |u 000010  |a 1  |e BOA001  |j MZK50  |s P